000 00204nam a2200085Ia 4500
008 170620s9999 xx 000 0 und d
100 _aDASGUPTA-SAMEER
245 3 _aAN INTRODUCTION TO SOCIOLOGY
260 _b"DELHI
260 _cPEARSON"
999 _c29650
_d29650